000 00295nam a2200109Ia 4500
008 201231s9999 xx 000 0 und d
100 _aTrivedi, Harshad R.
245 0 _aScheduled castes Quest for Land and Social Equality
260 _aNew Delhi
_bConcept Publishing
300 _a227
942 _cBK
999 _c9446
_d9446